| 000 | 00428nam a2200145Ia 4500 | ||
|---|---|---|---|
| 008 | 211109s9999||||xx |||||||||||||| ||und|| | ||
| 082 |
_a331.88 _bWIG-T |
||
| 100 | _aWighans, Eric L | ||
| 245 | 0 | _aTrade Union h e L | |
| 260 |
_bOxford University Press _aLondon _c1956 |
||
| 300 | _a275p. | ||
| 630 | _xGeneral Stack | ||
| 650 |
_aemployment _vEconomicsSocial sciences--Study and teachingsocial sience _xEconomics |
||
| 942 | _cBOOK | ||
| 999 |
_c18457 _d18457 |
||